00325nam a2200121 a 4500008004100000050001800041100002100059245002100080246006100101260002200162300001000184350000900194120416s1976 ||||||||||||||||| || u aNA 2542.4 Per aPerin, Constance10aWith man in mind aan interdisciplinary prospectus for environmental design aLondonbMITc1976 a185p. a0.00